Louis Tomlinson Songs - Statistiken

Allgemein
  • Dieses Quiz wurde 382 mal gespielt
    293 seit der letzten Aktualisierung
  • Das Durchschnittsergebnis liegt bei 15 aus 32
Antwortstatistiken
Songtitel % Korrekt
Walls Walls
91%
Walls Two of Us
64%
Faith In The Future Chicago
57%
Faith In The Future Holding On To Heartache
57%
Walls Defenceless
55%
Singles Back To You
54%
Walls Only the Brave
54%
Faith In The Future Silver Tongues
50%
Walls Kill My Mind
50%
Faith In The Future Saturdays
50%
Faith In The Future Written All Over Your Face
50%
Faith In The Future The Greatest
49%
Walls We Made It
49%
Faith In The Future Bigger Than Me
48%
Walls Fearless
48%
Faith In The Future She Is Beauty We Are World Class
48%
Walls Always You
47%
Walls Habit
47%
Singles Miss You
47%
Faith In The Future Angels Fly
43%
Faith In The Future Out Of My System
43%
Singles Just Hold On
42%
Walls Too Young
41%
Walls Don't Let It Break Your Heart
40%
Singles Just Like You
40%
Walls Perfect Now
38%
Faith In The Future Face The Music
34%
Faith In The Future That's The Way Love Goes
32%
Faith In The Future All This Time
30%
Faith In The Future Common People
30%
Faith In The Future Headline
30%
Faith In The Future Lucky Again
30%
Keine übereinstimmenden Quizze gefunden
Verteilung der Resultate
Anzahl Personen mit jedem Resultat
Perzentil nach korrekt beantworteten Fragen
Ihre Resultats-Entwicklung
Sie haben dieses Quiz seit der letzten Aktualisierung nicht gespielt